Normal view
MARC view
Entry Personal Name
001 - CONTROL NUMBER
- control field: 25252
003 - CONTROL NUMBER IDENTIFIER
- control field: dpl
005 - DATE AND TIME OF LATEST TRANSACTION
- control field: 20110107160156.0
008 - FIXED-LENGTH DATA ELEMENTS
- fixed length control field: 110107|||a|||||| | ||| d
040 ## - CATALOGING SOURCE
- Original cataloging agency: dpl
- Transcribing agency: dpl
100 ## - HEADING--PERSONAL NAME
- Personal name: Bretscher, Otto
670 ## - SOURCE DATA FOUND
- Source citation: Work cat.: (dpl)35795: Bretscher, Otto , Linear algebra with applications /, 2008
670 ## - SOURCE DATA FOUND
- Source citation: Work cat.: (dpl)35795: Bretscher, Otto , Linear algebra with applications /, 2008
